000
00326nam a2200133Ia 4500
008
240624s9999 xx 000 0 und d
041
_a
eng
082
_a
519.5 THU
100
_a
THUKRAL J K
245
_a
BUSINESS STATISTICS
260
_c
2010
_a
New Delhi
_b
Taxmann
300
_a
i-16, : 316 : p. : cm. ; 23
365
_c
RS
_b
28
999
_c
16612
_d
16612